000 00300nam a22001337a 4500
008 170511b xxu||||| |||| 00| 0 eng d
020 _a9780312397784
041 _aeng
080 _26TH
_a34
100 _a15
101 _aSHJ
245 _aELEMENTS OF ARGUMENTS
_cROTTENBERG, A.T
942 _2udc
_cBK
999 _c13183
_d13183